[Event "IND-ch U17 25th"]
[Site "Bihar"]
[Date "2014.12.09"]
[Round "10"]
[White "Vishwanath, Vivek"]
[Black "Sai Agni, Jeevitesh J"]
[Result "0-1"]
[WhiteElo "1842"]
[BlackElo "2058"]
[PlyCount "48"]
[EventDate "2014.12.02"]
[EventType "swiss"]
[EventRounds "11"]
[EventCountry "IND"]
[SourceTitle "EXT 2016"]
[Source "ChessBase"]
[SourceDate "2015.10.08"]
[SourceVersion "1"]
[SourceVersionDate "2015.10.08"]
[SourceQuality "1"]

1. e4 e6 2. d4 d5 3. Nd2 Nf6 4. e5 Nfd7 5. Bd3 c5 6. c3 Nc6 7. Ne2 cxd4 8. cxd4 f6 9. exf6 Qxf6 10. Nf3 h6 11. Ng3 Bb4+ 12. Bd2 0-0 13. 0-0 Bd6 14. Nh5 Qf7 15. Nh4 Ne7 16. Qe2 e5 17. dxe5 Nxe5 18. Ng3 g5 19. Nf3 Nxf3+ 20. Qxf3 Qxf3 21. gxf3 Bh3 22. Rfe1 Rxf3 23. Be2 Rff8 24. Bc3 Bc5 0-1

[Event "IND-ch U17 25th"]
[Site "Bihar"]
[Date "2014.12.06"]
[Round "7"]
[White "Yogit, S."]
[Black "Vishwanath, Vivek"]
[Result "1/2-1/2"]
[WhiteElo "2146"]
[BlackElo "1842"]
[PlyCount "64"]
[EventDate "2014.12.02"]
[EventType "swiss"]
[EventRounds "11"]
[EventCountry "IND"]
[SourceTitle "EXT 2016"]
[Source "ChessBase"]
[SourceDate "2015.10.08"]
[SourceVersion "1"]
[SourceVersionDate "2015.10.08"]
[SourceQuality "1"]

1. e4 e5 2. Nf3 Nf6 3. Nc3 Nc6 4. Bb5 Nd4 5. 0-0 Nxb5 6. Nxb5 d6 7. d4 exd4 8. Qxd4 a6 9. e5 axb5 10. exf6 Qxf6 11. Qe4+ Qe6 12. Qd3 Qc4 13. Re1+ Be6 14. Qe3 0-0-0 15. b3 Qc5 16. Nd4 Re8 17. Qd3 Be7 18. Be3 Qd5 19. Qxb5 Qxb5 20. Nxb5 Bf6 21. Rac1 Bd7 22. Nd4 Re7 23. c4 Rhe8 24. Red1 Re4 25. Ne2 Bg4 26. Ng3 Rxe3 27. fxe3 Bxd1 28. Rxd1 Rxe3 29. Kf2 Rc3 30. Ne2 Rc2 31. a4 Be5 32. h3 Kd7 1/2-1/2